| 000 | 00879nam a2200277 a 4500 | ||
|---|---|---|---|
| 001 | BRCA_5133 | ||
| 005 | 20190320204943.0 | ||
| 008 | 191110s1940----sp-a######---#000-0#spa-# | ||
| 041 | _aspa | ||
| 044 | _asp | ||
| 050 | 4 |
_aNA5811 _b.M66 3 1940 |
|
| 100 | 1 |
_aGaya Nuño, J. A. _913105 |
|
| 245 | 1 | 0 |
_aMadrid monumental _cpor J. A. Gaya Nuño. |
| 260 |
_aMadrid _bPlus-Ultra _c[1940] |
||
| 300 |
_a158 p. _bil. _c22 cm. |
||
| 440 | 0 |
_aLos monumentos cardinales de España _v6 _913106 |
|
| 500 | _aIncluye índice topográfico e índice alfabético | ||
| 500 | _aVer también C24, E2, E3, E19, E20, E21, E22, E23, E24, E25, E26, E27 | ||
| 500 | _aE18 | ||
| 504 | _aBibliografía: p. [155] | ||
| 650 | 1 | 4 |
_aArquitectura _zMadrid, España _913107 |
| 650 | 1 | 4 |
_aArte _zMadrid, España _913108 |
| 651 | 4 |
_aMadrid _xDescripción y viajes _913109 |
|
| 902 | _aGFM | ||
| 942 |
_2lcc _cB |
||
| 999 |
_c4827 _d4827 |
||